00262nam a2200109Ia 4500008004100000100001900041245003600060250000800096260003200104300000800136650000800144191201s2010 xx 000 0 und d aNANDESHWAR, RL 0aChange and Knowledge Management a1st aN. DelhibExcel Booksc2010 a286 aMBA